| 000 | 00634cam a2200181 4500 | ||
|---|---|---|---|
| 001 | WB3628-21 | ||
| 008 | 000000n2000 000 0 eng u | ||
| 035 | _a(Sirsi) u107253 | ||
| 245 | _aRICS - recruitment online | ||
| 260 | _c2000 | ||
| 490 |
_aRICS Press Release _v(pr071) 21 July (2) |
||
| 520 | _aThe RICS in association with internet recruitment specialists jobsin.co.uk has launched a new web service: jobsinsurveying.co.uk to provide the industry with a unique online job search tool. | ||
| 590 | _aWB | ||
| 650 | _aRICS | ||
| 650 | _aRECRUITMENT CONSULTANTS | ||
| 690 | _aINFORMATION TECHNOLOGY-INTERNET | ||
| 942 | _n0 | ||
| 999 |
_c64121 _d64121 |
||